00542nam a2200133Ia 4500008004100000100002800041245011300069260003900182300001200221650001500233856006800248999001900316952007300335160712s9999 xx 000 0 und d aTalavera, Ma. Gloria V. cMa. Gloria V. TalaveraaSupply Chain Management Practices and Challenges: Case Studies of Four Supply Chains c2015bPhilippine Management Review avol. 22 xMANAGEMENT uhttp://journals.upd.edu.ph/index.php/pmr/issue/view/476/showToc c297087d297087 001040aCLbCLd2016-07-12l0r2016-07-12 00:00:00w2016-07-12yFEJ